Sexualidades ilegítimas: biopolítica heterosexista y política de reconocimiento /
Salvato in:
| Autore principale: | |
|---|---|
| Natura: | testo |
| Soggetti: | |
| Tags: |
Aggiungi Tag
Nessun Tag, puoi essere il primo ad aggiungerne!!
|
MARC
| LEADER | 00000 a a2200000 04500 | ||
|---|---|---|---|
| 001 | 10174 | ||
| 003 | |||
| 040 | |||
| 100 | |a Muñoz Onofre, Darío | ||
| 245 | |a Sexualidades ilegítimas: |b biopolítica heterosexista y política de reconocimiento / |c Darío Muñoz Onofre | ||
| 650 | |a HOMOSEXUALIDAD | ||
| 650 | |a TRANSEXUALISMO | ||
| 650 | |a VALORES SOCIALES | ||
| 650 | |a DISCRIMINACION | ||
| 650 | |a ASPECTOS JURIDICOS | ||
| 650 | |a COLOMBIA | ||
| 773 | |g número 24; páginas 106-117 | ||
| 999 | |c 23565 |d 23565 | ||
